| 000 | 00751nam a2200229 u 4500 | ||
|---|---|---|---|
| 005 | 20241203063744.0 | ||
| 008 | 170119s2010 r 000 0 eng d | ||
| 020 | _a9788466220309 | ||
| 035 | _aUPN01000215414 | ||
| 049 | _aI | ||
| 050 | 4 |
_aQE861.5 _bH3.2 |
|
| 100 | 1 |
_aHarris, Nicholas, _d1956- _936088 |
|
| 245 | 1 | 0 |
_aDinosaurios y otros animales prehistóricos / _cNicholas Harris ; il. Inklink Firenze ; tr. Ladislao Castellanos. |
| 260 |
_aMadrid : _bLibsa, _c2010. |
||
| 300 |
_a32 p. : _bil. col. |
||
| 440 | 0 | _aEnciclopedia del saber | |
| 534 |
_pTítulo original: _tThe dinosaurs |
||
| 650 | 4 |
_aDinosaurios _vLiteratura infantil _99370 |
|
| 650 | 4 |
_aARQUEOLOGIA - _vLITERATURA JUVENIL _94726 |
|
| 905 | _aInfantil | ||
| 999 |
_c187514 _d187514 |
||